[Event "Fagernes op"]
[Site "Fagernes"]
[Date "2021.10.15"]
[Round "7"]
[White "Nikolic, Vladan"]
[Black "Eliseev, Sergey1111"]
[Result "1-0"]
[WhiteElo "2216"]
[BlackElo "2041"]
[PlyCount "55"]
[EventDate "2021.10.10"]
[EventType "swiss"]
[EventRounds "9"]
[EventCountry "NOR"]
[SourceTitle "CBM 204 Extra"]
[Source "ChessBase"]
[SourceDate "2021.11.30"]
[SourceVersion "1"]
[SourceVersionDate "2021.11.30"]
[SourceQuality "1"]

1. d4 Nf6 2. c4 e6 3. Nf3 d5 4. g3 dxc4 5. Bg2 b5 6. a4 c6 7. 0-0 Bb7 8. b3 cxb3 9. Nbd2 Nbd7 10. Nxb3 a5 11. Ne1 b4 12. Nd3 Be7 13. Bb2 0-0 14. Rc1 Nd5 15. Rc2 Ra7 16. Qa1 Ba6 17. Rd1 N7b6 18. Ne5 Qa8 19. Nxc6 Bc4 20. Nxe7+ Rxe7 21. Nc5 Qa7 22. e4 Nf6 23. d5 Nfd7 24. Nxd7 Rxd7 25. Bxg7 Re8 26. Qf6 Nxd5 27. exd5 Rxd5 28. Bxd5 1-0

[Event "Fagernes op"]
[Site "Fagernes"]
[Date "2021.10.13"]
[Round "5"]
[White "Nikolic, Vladan"]
[Black "Westrum, Kim Roger Hansen"]
[Result "1-0"]
[WhiteElo "2216"]
[BlackElo "1945"]
[PlyCount "101"]
[EventDate "2021.10.10"]
[EventType "swiss"]
[EventRounds "9"]
[EventCountry "NOR"]
[SourceTitle "CBM 204 Extra"]
[Source "ChessBase"]
[SourceDate "2021.11.30"]
[SourceVersion "1"]
[SourceVersionDate "2021.11.30"]
[SourceQuality "1"]

1. d4 Nf6 2. c4 e6 3. Nf3 Bb4+ 4. Nbd2 b6 5. e3 Bb7 6. Bd3 Ne4 7. 0-0 f5 8. Qc2 Nxd2 9. Nxd2 Qh4 10. d5 Bxd2 11. Bxd2 0-0 12. e4 f4 13. f3 Rf6 14. Be1 Qh5 15. g4 fxg3 16. Bxg3 e5 17. Be2 Qg5 18. c5 Na6 19. cxb6 cxb6 20. Qc1 Qxc1 21. Rfxc1 d6 22. Be1 Rf7 23. b4 Kf8 24. Kf2 Rc8 25. Rxc8+ Bxc8 26. Ke3 Rc7 27. Bd3 Nb8 28. a4 a6 29. Kd2 Nd7 30. Bh4 Nf6 31. Bf2 Nd7 32. Rb1 Kf7 33. Bf1 h6 34. Bh3 Rb7 35. Rc1 Rb8 36. Rxc8 Rxc8 37. Bxd7 Rc4 38. a5 b5 39. Kd3 Rxb4 40. Bc8 Ra4 41. Bb6 Ra3+ 42. Kc2 Ra2+ 43. Kb3 Rxh2 44. Bxa6 Rh1 45. Bb7 Ra1 46. a6 h5 47. a7 h4 48. a8Q Rxa8 49. Bxa8 h3 50. Bg1 Kg6 51. Bh2 1-0

[Event "Fagernes op"]
[Site "Fagernes"]
[Date "2021.10.11"]
[Round "2"]
[White "Tunge, Christian"]
[Black "Nikolic, Vladan"]
[Result "0-1"]
[WhiteElo "2044"]
[BlackElo "2216"]
[PlyCount "72"]
[EventDate "2021.10.10"]
[EventType "swiss"]
[EventRounds "9"]
[EventCountry "NOR"]
[SourceTitle "CBM 204 Extra"]
[Source "ChessBase"]
[SourceDate "2021.11.30"]
[SourceVersion "1"]
[SourceVersionDate "2021.11.30"]
[SourceQuality "1"]

1. c4 Nf6 2. g3 e6 3. Bg2 d5 4. Nf3 Be7 5. 0-0 0-0 6. b3 d4 7. d3 c5 8. e3 Nc6 9. exd4 cxd4 10. Re1 Nd7 11. Bf4 Re8 12. Ne5 Ndxe5 13. Bxe5 Bb4 14. Re2 f6 15. Bf4 e5 16. Bc1 Bg4 17. f3 Bh5 18. a3 Bf8 19. b4 Qd7 20. Nd2 a5 21. b5 Nd8 22. a4 Ne6 23. Ba3 Bxa3 24. Rxa3 Qd6 25. Ra2 Nc5 26. Nb3 f5 27. Nxc5 Qxc5 28. Qe1 e4 29. fxe4 Bxe2 30. Rxe2 Qb4 31. Qd1 fxe4 32. Bxe4 Re7 33. Rf2 Rxe4 34. dxe4 Qxc4 35. Rc2 Qb4 36. Qg4 Qb1+ 0-1

[Event "SWE-chB"]
[Site "Helsingborg"]
[Date "2021.07.11"]
[Round "9"]
[White "Furhoff, Johan"]
[Black "Nikolic, Vladan"]
[Result "1-0"]
[WhiteElo "2324"]
[BlackElo "2222"]
[PlyCount "157"]
[EventDate "2021.07.03"]
[EventType "tourn"]
[EventRounds "9"]
[EventCountry "SWE"]
[EventCategory "3"]
[SourceTitle "CBM 203 Extra"]
[Source "ChessBase"]
[SourceDate "2021.09.30"]
[SourceVersion "1"]
[SourceVersionDate "2021.09.30"]
[SourceQuality "1"]

1. e4 e5 2. Nf3 Nc6 3. Bb5 a6 4. Ba4 Nf6 5. 0-0 b5 6. Bb3 Bc5 7. c3 d6 8. d4 Bb6 9. Be3 0-0 10. Nbd2 h6 11. h3 Re8 12. Re1 Na5 13. Bc2 c5 14. d5 c4 15. b4 cxb3 16. axb3 Bd7 17. Bd3 Bxe3 18. Rxe3 Qc7 19. Bf1 Reb8 20. Ne1 Nb7 21. b4 a5 22. Nb3 Nh7 23. Rc1 Qb6 24. Bd3 Nf8 25. Kh2 Ng6 26. g3 Rf8 27. Qe2 Rac8 28. Ng2 Rc7 29. f4 Rfc8 30. Qd2 axb4 31. cxb4 Rxc1 32. Nxc1 Qd4 33. f5 Nf8 34. Ne2 Qa1 35. Ne1 Nh7 36. Rf3 Nd8 37. Kg2 Rc7 38. Rf1 Ra7 39. Nc2 Qb2 40. Rd1 Nf6 41. g4 Kf8 42. Rc1 Ra8 43. Qc3 Ra2 44. Kf3 Ke7 45. Ra1 g6 46. Rxa2 Qxa2 47. fxg6 fxg6 48. Na3 Nf7 49. Bb1 Ng5+ 50. Ke3 Qxd5 51. exd5 Nxd5+ 52. Kd2 Nxc3 53. Nxc3 Nxh3 54. Bxg6 Bxg4 55. Nd5+ Ke6 56. Ne3 h5 57. Be4 Nf4 58. Nxb5 Kd7 59. Nc3 Be6 60. Ncd5 Nh3 61. Nf6+ Kc7 62. Nxh5 Ng5 63. Bg2 Nh7 64. Ng7 Bd7 65. Nd5+ Kb8 66. Kc3 Nf8 67. Be4 Ka7 68. Kc4 Kb8 69. Nf5 Bc6 70. Nxd6 Nd7 71. b5 Ba8 72. Kb4 Ka7 73. Ka5 Nc5 74. Bg2 Kb8 75. b6 Nd7 76. Kb5 e4 77. Nb4 Bb7 78. Nxb7 e3 79. Nd6 1-0

[Event "SWE-chB"]
[Site "Helsingborg"]
[Date "2021.07.05"]
[Round "3"]
[White "Nikolic, Vladan"]
[Black "Sorensen, Hampus"]
[Result "1/2-1/2"]
[WhiteElo "2222"]
[BlackElo "2400"]
[PlyCount "201"]
[EventDate "2021.07.03"]
[EventType "tourn"]
[EventRounds "9"]
[EventCountry "SWE"]
[EventCategory "3"]
[SourceTitle "CBM 203 Extra"]
[Source "ChessBase"]
[SourceDate "2021.09.30"]
[SourceVersion "1"]
[SourceVersionDate "2021.09.30"]
[SourceQuality "1"]

1. d4 d5 2. c4 e6 3. Nc3 Bb4 4. cxd5 exd5 5. Bf4 c6 6. e3 Bf5 7. g4 Be4 8. f3 Bg6 9. Bd3 Ne7 10. Nge2 h5 11. gxh5 Rxh5 12. Qd2 Nd7 13. 0-0-0 Nf8 14. e4 Ne6 15. Be3 Qc7 16. Nf4 Nxf4 17. Bxf4 Qd7 18. Bc2 0-0-0 19. Bg3 b5 20. Rhe1 Ba5 21. Kb1 dxe4 22. fxe4 b4 23. Bd3 Kb7 24. Na4 b3 25. Qe2 bxa2+ 26. Ka1 Bxe1 27. Nc5+ Rxc5 28. dxc5 Ka8 29. Qxe1 Bh5 30. Rd2 Bg4 31. Bf4 Qe8 32. Bc7 Rd7 33. Bd6 Nc8 34. e5 Nxd6 35. cxd6 Rxd6 36. Qg1 Rxd3 37. Rxd3 Bf5 38. Ra3 Qd7 39. Rxa2 g6 40. Ra4 Be6 41. Qd4 Qxd4 42. Rxd4 Kb7 43. Kb1 Kb6 44. Kc2 a5 45. Kc3 Bd5 46. Rf4 Kb5 47. Rf1 Be6 48. Rd1 Bd5 49. Rd4 Kc5 50. Ra4 Kb5 51. Rh4 Kc5 52. Rh8 Be6 53. Ra8 Kb5 54. Kd4 c5+ 55. Kd3 a4 56. Rb8+ Kc6 57. Rd8 Kb5 58. Rd6 Bf5+ 59. Kd2 Kb4 60. Rb6+ Kc4 61. Ke3 Be6 62. Rb8 Bf5 63. h4 Be6 64. Rb6 Bh3 65. Ke4 Be6 66. Rb8 Bf5+ 67. Kf4 Be6 68. Ke4 Bf5+ 69. Ke3 Be6 70. Rb7 Bd5 71. Rd7 Be6 72. Rd3 Kb4 73. Rc3 Bb3 74. Kd2 Be6 75. Rf3 Kc4 76. Rd3 Kb4 77. Rc3 Bb3 78. Kd3 Bd5 79. Kc2 Bb3+ 80. Kc1 Be6 81. Kd2 Bb3 82. Rf3 Be6 83. Kc2 Bb3+ 84. Kc1 Be6 85. Rf4+ Kb3 86. Re4 Bd5 87. Rg4 Be6 88. Rf4 Bd5 89. Rf2 Be6 90. Rd2 Kc4 91. Rd6 Kb3 92. Ra6 Kb4 93. Ra7 Kb3 94. Rc7 Kc4 95. Ra7 Kb4 96. Kd2 Kb3 97. Rb7+ Kc4 98. Ke3 Bd5 99. Rb6 Be6 100. Ke4 Bh3 101. Ke3 1/2-1/2

[Event "Graz op-A"]
[Site "Graz"]
[Date "2020.02.17"]
[Round "4"]
[White "Nikolic, Vladan"]
[Black "Horvath, Dominik"]
[Result "0-1"]
[WhiteElo "2203"]
[BlackElo "2450"]
[PlyCount "80"]
[EventDate "2020.02.14"]
[EventType "swiss"]
[EventRounds "9"]
[EventCountry "AUT"]
[SourceTitle "CBM 195 Extra"]
[Source "ChessBase"]
[SourceDate "2020.05.31"]
[SourceVersion "1"]
[SourceVersionDate "2020.05.31"]
[SourceQuality "1"]

1. Nf3 Nf6 2. g3 b6 3. Bg2 Bb7 4. c4 c5 5. 0-0 e6 6. Nc3 Be7 7. Re1 d5 8. cxd5 Nxd5 9. Qa4+ Qd7 10. Qg4 h5 11. Qc4 Nc6 12. a3 Na5 13. Qa2 c4 14. d4 cxd3 15. Ne5 Nxc3 16. bxc3 d2 17. Bxd2 Qc7 18. Bxb7 Nxb7 19. Nd3 h4 20. Qb3 hxg3 21. Qa4+ Kf8 22. hxg3 Nc5 23. Nxc5 Qxc5 24. Qe4 Rd8 25. Be3 Qxc3 26. Kg2 Qb3 27. a4 Rh5 28. Rh1 f5 29. Qb1 Qd5+ 30. f3 Rxh1 31. Qxh1 Qe5 32. Bf2 Rd2 33. Rc1 Kg8 34. Rc8+ Bf8 35. Rxf8+ Kxf8 36. Qh8+ Ke7 37. Qh4+ Kd7 38. Qh5 Qxe2 39. Qf7+ Kc8 40. Qe8+ Kb7 0-1

[Event "Rilton Cup 49th"]
[Site "Stockholm"]
[Date "2020.01.05"]
[Round "9"]
[White "Wartiovaara, Oliver"]
[Black "Nikolic, Vladan"]
[Result "0-1"]
[WhiteElo "2185"]
[BlackElo "2217"]
[PlyCount "68"]
[EventDate "2019.12.27"]
[EventType "swiss"]
[EventRounds "9"]
[EventCountry "SWE"]
[SourceTitle "EXT 2021"]
[Source "ChessBase"]
[SourceDate "2020.10.23"]
[SourceVersion "1"]
[SourceVersionDate "2020.10.23"]
[SourceQuality "1"]

1. e4 e5 2. Nf3 Nc6 3. Bb5 Nf6 4. d3 Bc5 5. c3 d6 6. d4 exd4 7. cxd4 Bb4+ 8. Bd2 Bxd2+ 9. Nbxd2 0-0 10. Bxc6 bxc6 11. 0-0 Re8 12. Re1 Bd7 13. Rc1 Qb8 14. Qc2 a5 15. e5 Nd5 16. Ne4 h6 17. h3 a4 18. Qd2 Ra6 19. g4 Rb6 20. Re2 Be6 21. Kh2 Bc8 22. g5 g6 23. Nf6+ Nxf6 24. gxf6 Kh7 25. Ng5+ hxg5 26. Qxg5 Rh8 27. Re4 Kg8 28. e6 Bxe6 29. Rxe6 Rh5 30. Qe3 fxe6 31. Qxe6+ Kh8 32. Rg1 Qf8 33. Rxg6 Rh7 34. f7 Rxf7 0-1

[Event "SWE-chT2 1617"]
[Site "Sweden"]
[Date "2016.10.16"]
[Round "3.4"]
[White "Nikolic, Vladan"]
[Black "Kallstrom, Magnus"]
[Result "1-0"]
[WhiteElo "2056"]
[BlackElo "1908"]
[PlyCount "79"]
[EventDate "2016.10.14"]
[EventType "team-tourn"]
[EventRounds "9"]
[EventCountry "SWE"]
[SourceTitle "EXT 2017"]
[Source "ChessBase"]
[SourceDate "2016.10.25"]
[SourceVersion "1"]
[SourceVersionDate "2016.10.25"]
[SourceQuality "1"]
[WhiteTeam "Stockholm Rockaden II"]
[BlackTeam "Horndal"]
[WhiteTeamCountry "SWE"]
[BlackTeamCountry "SWE"]

1. d4 Nf6 2. c4 e6 3. Nf3 Bb4+ 4. Nbd2 b6 5. g3 Bb7 6. Bg2 0-0 7. 0-0 Re8 8. a3 Bf8 9. Qc2 d6 10. e4 e5 11. d5 a5 12. b3 Na6 13. Ne1 g6 14. Rb1 Bg7 15. b4 axb4 16. axb4 Qd7 17. Nd3 Reb8 18. Nb3 Bc8 19. Bd2 Nh5 20. Ra1 Qe7 21. Ra2 f5 22. f3 f4 23. g4 Nf6 24. Rfa1 Bb7 25. Bf1 Nd7 26. Nf2 h5 27. c5 Naxc5 28. Rxa8 Bxa8 29. bxc5 bxc5 30. Ra7 Nb6 31. Qa2 c4 32. Nc1 hxg4 33. Nxg4 Bxd5 34. exd5 e4 35. Ra3 Bd4+ 36. Kh1 e3 37. Bc3 Bxc3 38. Rxc3 Kg7 39. Bxc4 Nxc4 40. Qxc4 1-0

[Event "SWE-chT 1516 Superettan"]
[Site "Sweden"]
[Date "2016.03.20"]
[Round "9"]
[White "Nikolic, Vladan"]
[Black "Gutzmann, Tobias"]
[Result "1/2-1/2"]
[WhiteElo "2050"]
[BlackElo "2121"]
[PlyCount "93"]
[EventDate "2015.11.06"]
[EventType "team-tourn"]
[EventRounds "9"]
[EventCountry "SWE"]
[SourceTitle "EXT 2018"]
[Source "ChessBase"]
[SourceDate "2017.10.13"]
[SourceVersion "1"]
[SourceVersionDate "2017.10.13"]
[SourceQuality "1"]
[WhiteTeam "Stockholm Rockaden II"]
[BlackTeam "Vaxjo"]
[WhiteTeamCountry "SWE"]
[BlackTeamCountry "SWE"]

1. Nf3 d5 2. d4 e6 3. c4 c5 4. cxd5 exd5 5. Nc3 Nc6 6. g3 Nf6 7. Bg2 Be7 8. 0-0 0-0 9. Bg5 c4 10. h3 h6 11. Bxf6 Bxf6 12. b3 Qa5 13. Rc1 cxb3 14. Qxb3 Be6 15. e3 Rab8 16. Ne1 Rfd8 17. Nd3 Be7 18. Nf4 Ba3 19. Rcd1 Ne7 20. e4 Rbc8 21. Na4 Bd6 22. e5 Bb4 23. a3 b5 24. Rb1 Nc6 25. axb4 Qxa4 26. Qxa4 bxa4 27. Nxe6 fxe6 28. Rfd1 a6 29. Bf1 Rb8 30. b5 axb5 31. Bxb5 Rdc8 32. Bxa4 Rxb1 33. Rxb1 Nxd4 34. Kg2 Rc7 35. Be8 Kf8 36. Rb8 Ke7 37. Bg6 Kd7 38. Be8+ Ke7 39. Bg6 Kd7 40. Rf8 Kc6 41. Re8 Rd7 42. Bh7 Kc7 43. Bg8 Rd8 44. Re7+ Rd7 45. Re8 Rd8 46. Re7+ Rd7 47. Re8 1/2-1/2